[Event "Kieler Open 2017-B"]
[Site "Kiel"]
[Date "2017.07.29"]
[Round "1.1"]
[White "Werner, René"]
[Black "Salwasser, Christian"]
[Result "0-1"]
[WhiteElo "1874"]
[BlackElo "1658"]
[Annotator "MB"]
[PlyCount "130"]
[WhiteTeam "Kieler SG"]
[BlackTeam "SC Rastatt"]

1. c4 c5 2. g3 e6 3. Bg2 Nf6 4. Nf3 d5 5. cxd5 exd5 6. O-O Be7 7. d4 O-O 8. Nc3
Nc6 9. e3 Ne4 10. dxc5 Nxc3 11. bxc3 Bxc5 12. Ne1 Ne7 13. Nd3 Bb6 14. Nf4 Be6
15. Ba3 Re8 16. Bxe7 Rxe7 17. Nxd5 Rd7 18. c4 Rc8 19. Qb3 Bxd5 20. Bxd5 Rcc7
21. Rad1 Bc5 22. Rd3 b6 23. Rfd1 Rd6 24. e4 Qf6 25. Rf3 Qe5 26. Rf5 Qe8 27. e5
Rdd7 28. Qf3 Re7 29. Rd3 Rxe5 30. Rxe5 Qxe5 31. Kg2 Re7 32. Bc6 Rc7 33. Rd8+
Bf8 34. Re8 Re7 35. Bd5 Qc7 36. Ra8 Qc5 37. Qf4 Qc7 38. Qh4 Qe5 39. Qg4 Rc7 40.
a4 Qe7 41. h4 Qf6 42. Be4 g6 43. h5 Rxc4 44. hxg6 hxg6 45. Rxa7 Qe5 46. Qf3 $4
Qxe4 47. Rxf7 Qxf3+ 48. Rxf3 Kg7 49. Kf1 Rxa4 50. Rd3 Bc5 51. Rd2 Kf6 52. Ke2
Re4+ 53. Kf3 Re5 54. Kg2 Kf5 55. f3 g5 56. Rc2 b5 57. Rb2 b4 58. Kf1 Re3 59.
Kg2 b3 60. Rd2 Ke5 61. Kh3 Rxf3 62. Kg4 Rf2 63. Rd7 b2 64. Rb7 Ba3 65. Kxg5 Rf1
0-1

[Event "Kieler Open 2017-B"]
[Site "Kiel"]
[Date "2017.07.29"]
[Round "1.2"]
[White "Howe, Dietrich"]
[Black "Kathage, Holger"]
[Result "0-1"]
[WhiteElo "1508"]
[BlackElo "1717"]
[Annotator "MB"]
[PlyCount "104"]
[WhiteTeam "SK Kaltenkirchen"]
[BlackTeam "VSF Flintbek"]

1. Nf3 c5 2. c4 Nf6 3. g3 d5 4. cxd5 Nxd5 5. Bg2 Nc6 6. Nc3 e5 7. Nxd5 Qxd5 8.
O-O e4 9. Nh4 g5 10. d3 gxh4 11. Bxe4 Qe6 12. Bf4 Bd7 13. e3 h5 14. Qf3 Qg4 15.
Qh1 Rc8 16. Bd5 Qf5 17. Be4 Qf6 18. Rab1 Bd6 19. Rfe1 hxg3 20. fxg3 h4 21. Qg2
Kf8 22. Rf1 hxg3 23. Bxd6+ Qxd6 24. Bd5 gxh2+ 25. Kh1 Be6 26. Rxf7+ Kxf7 27.
Rf1+ Ke7 28. Qg7+ Kd8 29. Qxh8+ Kc7 30. Qg7+ Kb6 31. Bxe6 Qxe6 32. Rf7 Qxe3 33.
Rxb7+ Ka6 34. Rb3 Qg1+ 35. Qxg1 hxg1=Q+ 36. Kxg1 Rf8 37. Kg2 Nd4 38. Rc3 Kb6
39. a3 Re8 40. b4 cxb4 41. axb4 Re7 42. Rc4 Nc6 43. d4 Re4 44. Kf3 Rxd4 45.
Rxd4 Nxd4+ 46. Ke4 Nc6 47. Kd3 Nxb4+ 48. Kc4 a5 49. Kb3 Kb5 50. Kb2 Ka4 51. Kc3
Ka3 52. Kd2 Kb2 0-1

[Event "Kieler Open 2017-B"]
[Site "Kiel"]
[Date "2017.07.29"]
[Round "1.3"]
[White "Jung, Ingo"]
[Black "Solodky, Willy"]
[Result "1/2-1/2"]
[WhiteElo "1648"]
[BlackElo "1395"]
[Annotator "MB"]
[PlyCount "83"]
[WhiteTeam "SG Kiel Ost"]
[BlackTeam "Itzehoer SV"]

1. e4 e5 2. Nf3 Nc6 3. Bb5 a6 4. Ba4 Nf6 5. O-O d6 6. c3 b5 7. Bb3 Be7 8. h3
Na5 9. Bc2 c5 10. d4 Qc7 11. Re1 O-O 12. d5 Rb8 13. b3 Ne8 14. Nh2 f5 15. f3
Bh4 16. Rf1 Qf7 17. Be3 f4 18. Bf2 Qe7 19. Bxh4 Qxh4 20. Qe1 Qg5 21. Kh1 Nf6
22. Rg1 Nh5 23. Nf1 Ng3+ 24. Nxg3 fxg3 25. Qd2 Qh4 26. Rf1 Bxh3 27. gxh3 Qxh3+
28. Kg1 Rf6 29. Qg2 Qh4 30. f4 Rxf4 31. Nd2 Rbf8 32. Rxf4 Rxf4 33. Rf1 g5 34.
Rf3 Rxf3 35. Nxf3 Qf4 36. Qe2 h5 37. Ne1 h4 38. Nd3 Qf6 39. Qg4 Kg7 40. Qd7+
Kh6 41. Qf5 Kg7 42. Qd7+ 1/2-1/2

[Event "Kieler Open 2017-B"]
[Site "Kiel"]
[Date "2017.07.29"]
[Round "1.4"]
[White "Rempe, Mieke"]
[Black "Plichta, Hans-Reiner"]
[Result "1/2-1/2"]
[WhiteElo "1393"]
[BlackElo "1837"]
[Annotator "MB"]
[PlyCount "76"]
[WhiteTeam "SK Doppelbauer Kiel"]
[BlackTeam "Kieler SG"]

1. e4 c5 2. Nf3 e6 3. d4 cxd4 4. Nxd4 Nc6 5. Nc3 Nf6 6. a3 a6 7. Nxc6 bxc6 8.
Qf3 e5 9. Bd3 Be7 10. O-O O-O 11. Qg3 d6 12. Be2 Kh8 13. Rb1 Ne8 14. f4 Bh4 15.
Qd3 exf4 16. Bxf4 f5 17. Bg3 Bxg3 18. Qxg3 Rf6 19. Bd3 Rg6 20. Qf3 Rh6 21. g3
Nf6 22. exf5 d5 23. g4 Rh4 24. h3 Bd7 25. Qg3 g5 26. fxg6 Nxg4 27. Rf8+ Qxf8
28. Qxh4 Qh6 29. Qxh6 Nxh6 30. Kh2 hxg6 31. Bxg6 Rf8 32. Re1 Rf3 33. h4 Rh3+
34. Kg2 Rxh4 35. Be8 Bh3+ 36. Kf3 Bg4+ 37. Kg2 Bh3+ 38. Kf3 Bg4+ 1/2-1/2

[Event "Kieler Open 2017-B"]
[Site "Kiel"]
[Date "2017.07.29"]
[Round "1.5"]
[White "Röhl, Manfred"]
[Black "Weck, Uwe"]
[Result "1-0"]
[WhiteElo "1781"]
[BlackElo "1618"]
[Annotator "MB"]
[PlyCount "47"]
[WhiteTeam "SK Bremen-Nord"]
[BlackTeam "SK Kaltenkirchen"]

1. d4 Nf6 2. Nf3 e6 3. e3 g6 4. Nbd2 Bg7 5. Bd3 O-O 6. O-O d5 7. Re1 Nc6 8. c3
Bd7 9. e4 dxe4 10. Nxe4 Ne7 11. Ne5 Nxe4 12. Bxe4 Bxe5 13. dxe5 Bc6 14. Bg5
Qxd1 15. Raxd1 Bxe4 16. Rxe4 Nf5 17. Rd7 h6 18. Bf6 Rac8 19. Rc4 b5 20. Rcxc7
Rxc7 21. Rxc7 a6 22. Ra7 Rc8 23. a3 Rc6 24. Ra8+ 1-0

[Event "Kieler Open 2017-B"]
[Site "Kiel"]
[Date "2017.07.29"]
[Round "1.6"]
[White "Keir, Robin"]
[Black "Koch, Ralf-Johannes"]
[Result "1/2-1/2"]
[WhiteElo "1594"]
[BlackElo "1787"]
[Annotator "MB"]
[PlyCount "74"]
[WhiteTeam "VSF Flintbek"]
[BlackTeam "Eckernförder SC"]

1. d4 Nf6 2. Nf3 g6 3. c4 c5 4. d5 b5 5. Nc3 b4 6. Na4 d6 7. b3 Bg7 8. Bb2 Bd7
9. e3 Qa5 10. Bd3 Bxa4 11. bxa4 Nbd7 12. O-O O-O 13. Qb3 Nb6 14. Bc2 Qa6 15.
Nd2 Rfe8 16. e4 Qc8 17. Qg3 Nxe4 18. Nxe4 Bxb2 19. Rab1 Be5 20. Qh4 Bg7 21. Bb3
Qf5 22. Rbe1 a5 23. Re2 Bf6 24. Nxf6+ Qxf6 25. Qxf6 exf6 26. Rfe1 Rxe2 27. Rxe2
Kf8 28. f4 Re8 29. Kf2 Rxe2+ 30. Kxe2 Ke7 31. g4 h6 32. Ke3 h5 33. h3 h4 34.
Kf3 f5 35. gxf5 gxf5 36. Ke3 Kf6 37. Kf2 Kg6 1/2-1/2

[Event "Kieler Open 2017-B"]
[Site "Kiel"]
[Date "2017.07.29"]
[Round "1.7"]
[White "Günther, Emil"]
[Black "Stegert, Jonas"]
[Result "1-0"]
[WhiteElo "1610"]
[BlackElo "1320"]
[Annotator "MB"]
[PlyCount "81"]
[WhiteTeam "SK Doppelbauer Kiel"]
[BlackTeam "TuS Holtenau"]

1. d4 Nf6 2. Nf3 g6 3. c4 Bg7 4. Nc3 O-O 5. e4 d6 6. Be2 Re8 7. O-O e5 8. dxe5
dxe5 9. b3 Qxd1 10. Rxd1 Nc6 11. Nd5 Nxd5 12. cxd5 Nd8 13. Bb2 f5 14. Nd2 Nf7
15. Rac1 Re7 16. Ba3 Nd6 17. exf5 gxf5 18. Nc4 Rd7 19. Nxd6 cxd6 20. Bb5 Rd8
21. Rc7 a6 22. Be2 f4 23. Bh5 Bf5 24. Rdc1 Be4 25. Bf7+ Kh8 26. f3 Bg6 27. Rxb7
Rac8 28. Rbc7 Rxc7 29. Rxc7 Bxf7 30. Rxf7 Rc8 31. Rd7 Bf8 32. h4 Rc2 33. Bxd6
Bxd6 34. Rxd6 Rxa2 35. Re6 Re2 36. Rxa6 Kg7 37. Ra7+ Kf6 38. Rxh7 Rb2 39. Rh6+
Ke7 40. Rb6 Kd7 41. h5 1-0

[Event "Kieler Open 2017-B"]
[Site "Kiel"]
[Date "2017.07.29"]
[Round "1.8"]
[White "Möller, Rainer"]
[Black "Bahr, Arne"]
[Result "1/2-1/2"]
[WhiteElo "1414"]
[BlackElo "1667"]
[Annotator "MB"]
[PlyCount "70"]
[WhiteTeam "SV Büsum"]
[BlackTeam "SG Turm Kiel"]

1. e4 g6 2. d4 Nf6 3. Nc3 d5 4. e5 Nh5 5. Be2 Nc6 6. Nf3 a6 7. Be3 Ng7 8. Qd2
Nf5 9. Bf4 h5 10. O-O-O Bh6 11. Bxh6 Nxh6 12. Qg5 Bf5 13. Bd3 e6 14. Qxd8+ Rxd8
15. Bxf5 Nxf5 16. a3 Ke7 17. Rhe1 g5 18. Nxg5 Ncxd4 19. Ne2 Nxe2+ 20. Rxe2 c5
21. c3 Rdg8 22. f4 Rc8 23. g3 b5 24. Kb1 Kf8 25. Nf3 Ke7 26. Ka2 Rhd8 27. Kb1
Rd7 28. Rc1 Rdc7 29. Ng5 d4 30. cxd4 Nxd4 31. Re3 c4 32. Ne4 Nf5 33. Rec3 Rd8
34. b4 Rd4 35. Nc5 a5 1/2-1/2

[Event "Kieler Open 2017-B"]
[Site "Kiel"]
[Date "2017.07.29"]
[Round "1.9"]
[White "Viol, Joshua"]
[Black "Hogreve, Holger"]
[Result "1-0"]
[WhiteElo "1612"]
[BlackElo "1496"]
[Annotator "MB"]
[PlyCount "96"]
[WhiteTeam "Königsspr. SC"]
[BlackTeam "Eckernförder SC"]

1. e4 d5 2. exd5 Nf6 3. d4 Nxd5 4. c4 Nf6 5. Nc3 c6 6. Nf3 Bg4 7. Be2 e6 8. Bg5
Be7 9. Qb3 Qc7 10. O-O Nbd7 11. d5 Ne5 12. Qc2 Ned7 13. dxe6 Bxe6 14. Nd4 Bd6
15. h3 h6 16. Nxe6 fxe6 17. Qg6+ Kf8 18. Be3 Ne5 19. Qc2 Rd8 20. Rad1 Ke7 21.
c5 Nd5 22. cxd6+ Rxd6 23. Nxd5+ Rxd5 24. Rxd5 exd5 25. Bc5+ Kd8 26. Qf5 Nd7 27.
Bg4 Nxc5 28. Re1 Re8 29. Rxe8+ Kxe8 30. Bh5+ Kd8 31. Qf8+ Kd7 32. Bg4+ Ne6 33.
Qf7+ Kd8 34. Qxe6 b6 35. Qg8+ Ke7 36. Qxg7+ Kd8 37. Qxh6 Qe7 38. Qh8+ Qe8 39.
Qxe8+ Kxe8 40. f4 c5 41. Kf2 Ke7 42. Ke3 Kf6 43. Bf3 d4+ 44. Ke4 Ke6 45. g4 Kf6
46. g5+ Kg6 47. h4 Kg7 48. f5 Kf7 1-0

[Event "Kieler Open 2017-B"]
[Site "Kiel"]
[Date "2017.07.29"]
[Round "1.10"]
[White "Steinbach, Julian"]
[Black "Schwerdt, Alwin Elias"]
[Result "0-1"]
[WhiteElo "1274"]
[BlackElo "1553"]
[Annotator "MB"]
[PlyCount "98"]
[WhiteTeam "SK Doppelbauer Kiel"]
[BlackTeam "SV Bad Schwartau"]

1. e4 e5 2. Nf3 Nc6 3. Bc4 Bc5 4. d3 d6 5. O-O Bg4 6. h3 Bh5 7. Bg5 f6 8. Bh4
Qd7 9. c3 g5 10. Bg3 Bg6 11. b4 Bb6 12. Qb3 Bf7 13. a4 a6 14. Na3 h5 15. h4
Bxc4 16. dxc4 Qg4 17. Rfe1 Qxg3 18. c5 Qg4 19. cxb6 gxh4 20. Kf1 h3 21. g3 Qxf3
22. Qe6+ Nge7 23. Qxh3 Qg4 24. Qg2 h4 25. Nb5 axb5 26. axb5 Rxa1 27. Rxa1 cxb6
28. bxc6 Nxc6 29. Ra8+ Nd8 30. f3 Qxg3 31. Qa2 Qxf3+ 32. Ke1 Qh1+ 33. Ke2 Qg2+
34. Kd3 Qxa2 35. Rxa2 h3 36. Rh2 Ne6 37. Kc4 Kd7 38. Kb5 Kc7 39. Kc4 Ng5 40.
Kd3 Nf3 41. Rh1 h2 42. Ke3 Ne1 43. Kf2 Nd3+ 44. Kg2 Kc6 45. Kf3 Kb5 46. Ke2 Kc4
47. Ke3 Kxc3 48. Rd1 Rh3+ 49. Ke2 h1=Q 0-1

[Event "Kieler Open 2017-B"]
[Site "Kiel"]
[Date "2017.07.29"]
[Round "1.11"]
[White "Kreutz, Ralf"]
[Black "Stolzenwald, Frank"]
[Result "1/2-1/2"]
[WhiteElo "1666"]
[BlackElo "1448"]
[Annotator "MB"]
[PlyCount "85"]
[WhiteTeam "Königsjäger Süd-West"]
[BlackTeam "Hamburger SK"]

1. e4 c5 2. Nc3 e6 3. f4 a6 4. Nf3 Nc6 5. Be2 f6 6. O-O Nge7 7. e5 f5 8. d4
cxd4 9. Nxd4 Nxd4 10. Qxd4 Nc6 11. Qf2 Bb4 12. Bd2 O-O 13. Rad1 Qa5 14. a3 Bc5
15. Be3 Bxe3 16. Qxe3 Qc7 17. Bd3 Rb8 18. Ne2 Rd8 19. Nd4 d5 20. c4 Nxd4 21.
Qxd4 dxc4 22. Qxc4 Qb6+ 23. Kh1 Bd7 24. Bxf5 Kh8 25. Bd3 Qxb2 26. Qe4 g6 27.
Qb4 Qxb4 28. axb4 Bb5 29. Bxb5 axb5 30. Rd6 Rxd6 31. exd6 Rd8 32. Rd1 Kg7 33.
g4 Kf7 34. h4 Ke8 35. f5 gxf5 36. gxf5 Kf7 37. Rc1 Rxd6 38. Rc7+ Kf6 39. fxe6
Kxe6 40. Rxb7 Rd5 41. Rxh7 Rd4 42. Kg2 Rxb4 43. Rb7 1/2-1/2

[Event "Kieler Open 2017-B"]
[Site "Kiel"]
[Date "2017.07.29"]
[Round "1.12"]
[White "Voges, Jens Christian"]
[Black "Zielke, Bernd"]
[Result "0-1"]
[WhiteElo "1250"]
[BlackElo "1686"]
[Annotator "MB"]
[PlyCount "90"]
[WhiteTeam "Braunschweiger Sfr"]
[BlackTeam "TuS Holtenau"]

1. d4 f5 2. c4 Nf6 3. Nc3 c6 4. Nf3 d6 5. Bg5 g6 6. e3 Bg7 7. Bd3 O-O 8. O-O
Na6 9. a3 Nc7 10. Qc2 Bd7 11. Rfe1 Ne6 12. Bxf6 exf6 13. b4 Qc7 14. Rad1 Rae8
15. d5 Ng5 16. Nxg5 fxg5 17. f3 Bxc3 18. Qxc3 cxd5 19. Rc1 Be6 20. cxd5 Qxc3
21. Rxc3 Bxd5 22. Bc4 Bf7 23. Bxf7+ Rxf7 24. Rec1 Rd7 25. Kf2 Kf7 26. Rc7 Rxc7
27. Rxc7+ Re7 28. Rc8 Ke6 29. Ke2 b6 30. a4 Kd7 31. Rc3 a6 32. Kd3 Re5 33. g3
a5 34. bxa5 Rxa5 35. Rc4 Rc5 36. h3 Kc6 37. Rxc5+ bxc5 38. Kc3 d5 39. f4 gxf4
40. exf4 Kb6 41. g4 Ka5 42. Kb3 d4 43. gxf5 gxf5 44. h4 h5 45. Ka3 c4 0-1

[Event "Kieler Open 2017-B"]
[Site "Kiel"]
[Date "2017.07.29"]
[Round "1.13"]
[White "Zechel, Rolf-Rüdiger"]
[Black "van Foreest, Nanne"]
[Result "1-0"]
[WhiteElo "1707"]
[BlackElo "1244"]
[Annotator "MB"]
[PlyCount "59"]
[WhiteTeam "SK Kaltenkirchen"]
[BlackTeam "Holland"]

1. d4 c5 2. d5 Nf6 3. c4 d6 4. Nc3 Bf5 5. Nf3 Na6 6. a3 g6 7. e3 Bg7 8. Bd3
Bxd3 9. Qxd3 Nc7 10. O-O O-O 11. Rb1 a5 12. b3 Nd7 13. Bb2 Nb6 14. e4 a4 15.
bxa4 Nxa4 16. Nxa4 Rxa4 17. Bxg7 Kxg7 18. Rxb7 Qc8 19. Rfb1 Qd7 20. e5 Rfa8 21.
R7b3 dxe5 22. Nxe5 Qd6 23. Nc6 e6 24. dxe6 Qxc6 25. exf7 Ne6 26. Rb6 Nf4 27.
Qc3+ Kxf7 28. Rb7+ Qxb7 29. Rxb7+ Ke6 30. Qe3+ 1-0

[Event "Kieler Open 2017-B"]
[Site "Kiel"]
[Date "2017.07.29"]
[Round "1.14"]
[White "Mandelkow, Lukas"]
[Black "Paolella, Finnley"]
[Result "1-0"]
[WhiteElo "1240"]
[BlackElo "1633"]
[Annotator "MB"]
[PlyCount "87"]
[WhiteTeam "TuRa Harksheide"]
[BlackTeam "SK Doppelbauer Kiel"]

1. d4 d5 2. e3 Nf6 3. Bd3 e6 4. f4 c5 5. c3 Nc6 6. Nf3 b6 7. Nbd2 Bb7 8. O-O
Qc7 9. Ne5 Be7 10. Ndf3 Ne4 11. Nd2 Nxd2 12. Bxd2 f6 13. Qh5+ Kd8 14. Nf7+ Kd7
15. Nxh8 Rxh8 16. f5 e5 17. Qf7 e4 18. Qxd5+ Bd6 19. Qf7+ Ne7 20. Bb5+ Kd8 21.
Qh5 cxd4 22. exd4 Nd5 23. Rae1 Ne7 24. Qh3 Qc8 25. Bf4 Bxf4 26. Rxf4 g5 27.
fxg6 Qxh3 28. gxh3 hxg6 29. Rxf6 Rxh3 30. c4 g5 31. d5 e3 32. Kg2 g4 33. Re6
Nf5 34. Re8+ Kc7 35. Kg1 Kd6 36. Re6+ Kc7 37. d6+ Nxd6 38. R6xe3 Rxe3 39. Rxe3
Nxb5 40. cxb5 Bd5 41. a4 Kb8 42. Kf2 Bf7 43. Kg3 Bh5 44. Kh4 1-0

[Event "Kieler Open 2017-B"]
[Site "Kiel"]
[Date "2017.07.29"]
[Round "1.15"]
[White "Gerull, Dirk"]
[Black "Rempe, Janne"]
[Result "1-0"]
[WhiteElo "1558"]
[BlackElo "1237"]
[Annotator "MB"]
[PlyCount "49"]
[WhiteTeam "VSF Flintbek"]
[BlackTeam "SK Doppelbauer Kiel"]

1. d4 d6 2. Bf4 Nf6 3. e3 Nbd7 4. Nf3 c5 5. c3 b6 6. Nbd2 Bb7 7. Qc2 Qc7 8. Bd3
e5 9. dxe5 dxe5 10. Bg3 Bd6 11. Nc4 Rd8 12. Nxd6+ Qxd6 13. O-O-O Qe6 14. Bf5
Qxa2 15. Nxe5 Nxe5 16. Rxd8+ Kxd8 17. Bxe5 Bxg2 18. Rd1+ Ke8 19. Bxf6 gxf6 20.
Qd2 Kf8 21. Qd6+ Kg7 22. Qg3+ Kh6 23. Qxg2 Re8 24. Qh3+ Kg5 25. f4# 1-0

[Event "Kieler Open 2017-B"]
[Site "Kiel"]
[Date "2017.07.29"]
[Round "1.16"]
[White "Salwasser, Andrej"]
[Black "Schulze, Lukas"]
[Result "0-1"]
[WhiteElo "1081"]
[BlackElo "1408"]
[Annotator "MB"]
[PlyCount "96"]
[WhiteTeam "SC Rastatt"]
[BlackTeam "SK Lehrte"]

1. e4 c5 2. c4 d6 3. Nf3 Nf6 4. Nc3 g6 5. e5 dxe5 6. Nxe5 Bg7 7. Be2 Qc7 8. Nf3
b6 9. O-O Bb7 10. Nb5 Qc6 11. Qa4 O-O 12. Bd1 Ng4 13. h3 Ne5 14. Re1 Rd8 15.
Nc3 Qxa4 16. Nxa4 Bxf3 17. gxf3 e6 18. Be2 Bh6 19. d4 Bxc1 20. Raxc1 cxd4 21.
f4 d3 22. Rcd1 d2 23. Rf1 Nec6 24. Bf3 Rd4 25. Bg2 Rxc4 26. Nc3 Rxf4 27. Rxd2
Rc4 28. Rc1 a6 29. b3 Rc5 30. Rdc2 Ra7 31. Ne4 Rxc2 32. Rxc2 Kg7 33. Nd6 Nd4
34. Rd2 Nb5 35. Nc8 Rc7 36. Nxb6 Rc1+ 37. Kh2 Nc6 38. a4 Nbd4 39. Rb2 Nb4 40.
a5 Rc2 41. Rxc2 Nbxc2 42. Be4 Nb4 43. Kg3 Nxb3 44. Nc4 f5 45. Bb7 Kf6 46. Kf3
e5 47. Ke3 e4 48. Bc8 Ke7 0-1

[Event "Kieler Open 2017-B"]
[Site "Kiel"]
[Date "2017.07.29"]
[Round "1.17"]
[White "Sowa, Kay"]
[Black "Limper, Cornelia"]
[Result "1-0"]
[WhiteElo "1713"]
[BlackElo "1295"]
[Annotator "MB"]
[PlyCount "69"]
[WhiteTeam "SK Doppelbauer Kiel"]
[BlackTeam "Schach-Drachen Isernhagen"]

1. d4 b6 2. Bf4 Bb7 3. e3 e6 4. Nf3 Nf6 5. Bd3 c5 6. h3 cxd4 7. exd4 Nc6 8. c3
Be7 9. Nbd2 Qc8 10. Qe2 d6 11. Nc4 Qd7 12. Rd1 Nd5 13. Bh2 f5 14. O-O O-O 15.
Rfe1 Nd8 16. Ncd2 Rf6 17. a3 Rc8 18. c4 Nc7 19. b4 d5 20. c5 bxc5 21. dxc5 Qa4
22. Ra1 Ba6 23. Bxa6 Qxa6 24. Qe3 Nb5 25. a4 Nc7 26. Reb1 Nc6 27. b5 d4 28.
Nxd4 Qa5 29. Nxc6 Nd5 30. Nxa5 Nxe3 31. fxe3 Bxc5 32. Ndc4 Rf7 33. Nb3 Rd7 34.
Nxc5 Rxc5 35. Ne5 1-0

[Event "Kieler Open 2017-B"]
[Site "Kiel"]
[Date "2017.07.29"]
[Round "1.18"]
[White "Schwerdt, Karsten"]
[Black "Aden, Tönjes"]
[Result "0-1"]
[WhiteElo "951"]
[BlackElo "1390"]
[Annotator "MB"]
[PlyCount "70"]
[WhiteTeam "SV Bad Schwartau"]
[BlackTeam "Segeberger SF"]

1. e4 e5 2. Nc3 Nf6 3. Bc4 Bc5 4. h3 d6 5. d3 h6 6. Qe2 Nc6 7. Nf3 O-O 8. Be3
Bb6 9. O-O Ne7 10. Nh4 d5 11. exd5 Nexd5 12. Nxd5 Nxd5 13. Bxb6 Nxb6 14. Qxe5
Nxc4 15. dxc4 Qxh4 16. Qxc7 Qd8 17. Qg3 Be6 18. b3 Qf6 19. c3 Rad8 20. Rac1 Rd7
21. Rfe1 Rfd8 22. a3 Qg5 23. Kh2 Qxg3+ 24. Kxg3 Rd2 25. a4 Rb2 26. b4 Bxc4 27.
Re3 Rdd2 28. Re7 Rxf2 29. Rg1 Bd5 30. Rd7 Rxg2+ 31. Rxg2 Rxg2+ 32. Kh4 g5+ 33.
Kh5 Bc6 34. Rd3 Kg7 35. Rd6 Bf3# 0-1

[Event "Kieler Open 2017-B"]
[Site "Kiel"]
[Date "2017.07.29"]
[Round "1.19"]
[White "Fuhrmann, Bahne"]
[Black "Harting-Maas, Daniel"]
[Result "1-0"]
[WhiteElo "1508"]
[BlackElo "1346"]
[Annotator "MB"]
[PlyCount "43"]
[WhiteTeam "Hamburger SK"]
[BlackTeam "Lübecker SV"]

1. e4 e5 2. Nf3 Nc6 3. Bc4 Nf6 4. d3 Bb4+ 5. c3 Ba5 6. Nbd2 O-O 7. O-O d6 8.
Re1 Bg4 9. h3 Bh5 10. Nf1 h6 11. Ng3 Bg6 12. Nh4 Ne7 13. Qf3 Qd7 14. Bxh6 c6
15. Bg5 d5 16. exd5 cxd5 17. Bb3 d4 18. Rxe5 Nc6 19. Nxg6 Qd6 20. Bxf6 dxc3 21.
Qh5 gxf6 22. Qh8# 1-0

[Event "Kieler Open 2017-B"]
[Site "Kiel"]
[Date "2017.07.29"]
[Round "1.20"]
[White "Höfken, Fynn-Lukas"]
[Black "Gerigk, Daniel"]
[Result "0-1"]
[WhiteElo "792"]
[BlackElo "1626"]
[Annotator "MB"]
[PlyCount "68"]
[WhiteTeam "Raisdorfer SG"]
[BlackTeam "SF Stadtverwaltung Bonn"]

1.e4 e5 2.Nf3 Nc6 3.Bc4 Bc5 4.d3 Nf6 5.Ng5 O-O 6.Nc3 Nd4 7.Be3 c6 8.O-O d5
9.exd5 cxd5 10.Bb3 Bg4 11.Qd2 h6 12.h3 Nxb3 13.axb3 d4 14.hxg4 dxe3 15.
fxe3 hxg5 16.d4 Nxg4 17.Rf5 Nxe3 18.Qxe3 Bxd4 19.Qxd4 Qxd4+ 20.Rf2 e4 21.
Kf1 e3 22.Re2 Qf4+ 23.Kg1 Rad8 24.b4 Rd2 25.b5 Rxe2 26.Nxe2 Qf2+ 27.Kh1
Qh4+ 28.Kg1 Qf2+ 29.Kh1 Qxe2 30.Rc1 g4 31.Kh2 f5 32.b3 Rf6 33.Kg1 Qf2+ 34.
Kh1 Rh6# 0-1

[Event "Kieler Open 2017-B"]
[Site "Kiel"]
[Date "2017.07.29"]
[Round "2.1"]
[White "Kathage, Holger"]
[Black "Sowa, Kay"]
[Result "1/2-1/2"]
[WhiteElo "1717"]
[BlackElo "1713"]
[Annotator "MB"]
[PlyCount "76"]
[WhiteTeam "VSF Flintbek"]
[BlackTeam "SK Doppelbauer Kiel"]

1. d4 Nf6 2. Nf3 g6 3. c4 c5 4. Nc3 Bg7 5. d5 d6 6. g3 O-O 7. Bg2 a6 8. O-O b5
9. cxb5 axb5 10. Nxb5 Ba6 11. Nc3 Nbd7 12. Bg5 Qa5 13. Qc1 Rfb8 14. Nd2 Rb4 15.
Nb3 Qb6 16. Rb1 Rb8 17. Re1 c4 18. Be3 Qc7 19. Nd4 Bb7 20. a3 Rb6 21. Ndb5 Rxb5
22. Nxb5 Qa5 23. Nd4 Nxd5 24. Bd2 Qc5 25. Nf3 Qc6 26. e4 N5f6 27. Be3 Qb5 28.
Nd2 Ne5 29. Qc2 Nfg4 30. h3 Nxe3 31. Rxe3 Ba6 32. b3 Qa5 33. b4 Qb6 34. a4 Bh6
35. Rc3 Qd4 36. Nf3 Nxf3+ 37. Bxf3 Bd2 38. Ra3 Rxb4 1/2-1/2

[Event "Kieler Open 2017-B"]
[Site "Kiel"]
[Date "2017.07.29"]
[Round "2.2"]
[White "Aden, Tönjes"]
[Black "Günther, Emil"]
[Result "1-0"]
[WhiteElo "1390"]
[BlackElo "1610"]
[Annotator "MB"]
[PlyCount "107"]
[WhiteTeam "Segeberger SF"]
[BlackTeam "SK Doppelbauer Kiel"]

1. e4 e5 2. f4 d5 3. exd5 exf4 4. Nf3 Nf6 5. d4 Nxd5 6. Bc4 Ne3 7. Bxe3 fxe3 8.
O-O Bd6 9. Nc3 O-O 10. Nd5 Be6 11. Nxe3 Bxc4 12. Nxc4 Nc6 13. c3 Qd7 14. Qd2
Rae8 15. Nxd6 Qxd6 16. Rae1 Re7 17. Rf2 Rfe8 18. Rfe2 f6 19. Kf2 Kf7 20. Qc2
Rxe2+ 21. Rxe2 Rxe2+ 22. Qxe2 Qf4 23. Qc2 g6 24. Qb3+ Kg7 25. Qxb7 Na5 26. Qd5
Qf5 27. Qxf5 gxf5 28. Nh4 f4 29. Kf3 Nc4 30. b3 Ne3 31. c4 Nc2 32. Kxf4 Nb4 33.
a3 Nc2 34. d5 Nxa3 35. Nf5+ Kf7 36. Nd4 Nb1 37. Ke3 Nc3 38. Kd3 Nd1 39. Nb5
Nf2+ 40. Ke2 Ng4 41. h3 Nh6 42. Nxc7 Nf5 43. Kd3 Nh4 44. g3 Nf5 45. g4 Nd6 46.
c5 Nb7 47. Kd4 Na5 48. Kc3 Nb7 49. Kb4 Ke7 50. Kb5 Kd7 51. Ne6 Kc8 52. b4 Kb8
53. d6 Kc8 54. Kc6 1-0

[Event "Kieler Open 2017-B"]
[Site "Kiel"]
[Date "2017.07.29"]
[Round "2.3"]
[White "Gerigk, Daniel"]
[Black "Viol, Joshua"]
[Result "1-0"]
[WhiteElo "1626"]
[BlackElo "1612"]
[Annotator "MB"]
[PlyCount "103"]
[WhiteTeam "SF Stadtverwaltung Bonn"]
[BlackTeam "Königsspr. SC"]

1. e4 e6 2. d4 d5 3. Nc3 Bb4 4. e5 c5 5. a3 Bxc3+ 6. bxc3 Qc7 7. Qg4 Ne7 8.
Qxg7 Rg8 9. Qxh7 cxd4 10. Ne2 Nbc6 11. f4 dxc3 12. Qd3 d4 13. Nxd4 Nxd4 14.
Qxd4 Nf5 15. Bb5+ Bd7 16. Bxd7+ Qxd7 17. Qxd7+ Kxd7 18. g3 Kc6 19. Ke2 Rad8 20.
Be3 Nxe3 21. Kxe3 Rd2 22. Rad1 Rxc2 23. Rc1 Ra2 24. Rxc3+ Kb6 25. Kf3 Ka5 26.
h4 Ka4 27. h5 a5 28. g4 b5 29. g5 Rxa3 30. Rxa3+ Kxa3 31. Ra1+ Kb4 32. Kg4 a4
33. f5 a3 34. fxe6 fxe6 35. g6 Kb3 36. Rb1+ Kc2 37. Rf1 a2 38. Kg5 Ra8 39. g7
b4 40. h6 b3 41. h7 b2 42. h8=Q a1=Q 43. Rf2+ Kb3 44. Qh3+ Kb4 45. Rf4+ Kb5 46.
Qb3+ Ka5 47. Qb4+ Ka6 48. Qd6+ Ka5 49. Qc5+ Ka6 50. Qc6+ Ka7 51. Rf7+ Kb8 52.
Qc7# 1-0

[Event "Kieler Open 2017-B"]
[Site "Kiel"]
[Date "2017.07.29"]
[Round "2.4"]
[White "Schwerdt, Alwin Elias"]
[Black "Fuhrmann, Bahne"]
[Result "1/2-1/2"]
[WhiteElo "1553"]
[BlackElo "1508"]
[Annotator "MB"]
[PlyCount "118"]
[WhiteTeam "SV Bad Schwartau"]
[BlackTeam "Hamburger SK"]

1. e4 c5 2. Nf3 e6 3. d4 cxd4 4. Nxd4 a6 5. a3 Qc7 6. Nc3 b5 7. Be2 Bb7 8. O-O
Nf6 9. Bf3 Bc5 10. Nb3 Ba7 11. Bg5 Qe5 12. Bxf6 Qxf6 13. Na5 Bc6 14. Qd6 Qd4
15. Qc7 O-O 16. Rad1 Qb6 17. Qxb6 Bxb6 18. Nxc6 dxc6 19. e5 Rd8 20. Rxd8+ Bxd8
21. Rd1 Bb6 22. b4 Ra7 23. a4 Kf8 24. a5 Bc7 25. Ne4 Bxe5 26. Rd8+ Ke7 27. Rh8
h6 28. Nc5 Bd6 29. Rc8 Nd7 30. Rxc6 Nxc5 31. bxc5 Bc7 32. Be2 Bxa5 33. g3 Rc7
34. Rxa6 Bb4 35. c6 Bd6 36. Bxb5 f5 37. Rb6 Kf6 38. c4 Ke5 39. Kg2 g5 40. Ra6
Kf6 41. Ra8 Kf7 42. Rd8 Be5 43. Rd7+ Rxd7 44. cxd7 Bc7 45. Kf3 Kf6 46. Ke3 e5
47. f3 Bb6+ 48. Kd3 g4 49. fxg4 fxg4 50. Ke4 Ke6 51. c5 Bc7 52. c6 Bb6 53. Be2
h5 54. Bc4+ Kd6 55. Bf7 Kxc6 56. Bxh5 Kxd7 57. Bxg4+ Ke7 58. Kf5 Bg1 59. h3 Bh2
1/2-1/2

[Event "Kieler Open 2017-B"]
[Site "Kiel"]
[Date "2017.07.29"]
[Round "2.5"]
[White "Zielke, Bernd"]
[Black "Dao, Joerg"]
[Result "1-0"]
[WhiteElo "1686"]
[BlackElo "1489"]
[Annotator "MB"]
[PlyCount "139"]
[WhiteTeam "TuS Holtenau"]
[BlackTeam "Neumünster"]

1. b4 e5 2. Bb2 f6 3. b5 d5 4. e3 c5 5. c4 d4 6. Qc2 g6 7. d3 b6 8. e4 f5 9.
Nf3 Bg7 10. g3 Be6 11. Bg2 Nd7 12. O-O Ne7 13. Nbd2 Bf6 14. Rfe1 Qc7 15. a4 g5
16. exf5 Bxf5 17. Nxe5 Rb8 18. Nxd7 Bxd7 19. Bd5 Bg4 20. f3 Bh3 21. Ne4 Rf8 22.
Qd2 h6 23. g4 Be5 24. Be6 Rd8 25. Qf2 Ng6 26. Ng3 Nf4 27. Bf5 Kf7 28. Bc1 Rde8
29. Be4 Kg8 30. Bxf4 Bxf4 31. Nf5 Rxf5 32. gxf5 Qe5 33. Kh1 Be3 34. Qg3 Qxg3
35. hxg3 Bf2 36. Bd5+ Kf8 37. Rxe8+ Kxe8 38. g4 Bg3 39. Kg1 h5 40. gxh5 Bxf5
41. Be4 Bh3 42. Ra2 Kf7 43. Re2 Kg7 44. Bg6 Bd6 45. Kf2 Bd7 46. Kg2 Kf6 47. Be8
Bf5 48. Bg6 Bd7 49. Re4 Kg7 50. Kf2 Kf6 51. Ke2 Kg7 52. Kd2 Bf4+ 53. Kc2 Bd6
54. Re2 Kf6 55. Be8 Bf5 56. Bc6 Be7 57. Bd5 Bh3 58. Rh2 Bf5 59. h6 Bd6 60. Rh1
g4 61. fxg4 Bh7 62. Be4 Bxe4 63. dxe4 Kg6 64. h7 Be5 65. h8=Q Bxh8 66. Rxh8 Kg5
67. Rh7 Kxg4 68. Rxa7 Kf4 69. Kd3 1-0